header

Financial & managerial accounting / (Record no. 256299)

MARC details
000 -LEADER
fixed length control field 01269nam a2200313 a 4500
001 - CONTROL NUMBER
control field 3091565
003 - CONTROL NUMBER IDENTIFIER
control field OSt
005 - DATE AND TIME OF LATEST TRANSACTION
control field 20170313131037.0
008 - FIXED-LENGTH DATA ELEMENTS--GENERAL INFORMATION
fixed length control field 990111s1999 maua b 001 0 eng
010 ## - LIBRARY OF CONGRESS CONTROL NUMBER
LC control number 98072067
020 ## - INTERNATIONAL STANDARD BOOK NUMBER
International Standard Book Number 0395920981
040 ## - CATALOGING SOURCE
Original cataloging agency DLC
Transcribing agency DLC
050 00 - LIBRARY OF CONGRESS CALL NUMBER
Classification number HF5635
Item number .N33 1999
082 00 - DEWEY DECIMAL CLASSIFICATION NUMBER
Classification number 657
Edition number 21
245 00 - TITLE STATEMENT
Title Financial & managerial accounting /
Statement of responsibility, etc Belverd E. Needles, Jr. ... [et al.].
246 3# - VARYING FORM OF TITLE
Title proper/short title Financial and managerial accounting
250 ## - EDITION STATEMENT
Edition statement 5th ed.
260 ## - PUBLICATION, DISTRIBUTION, ETC. (IMPRINT)
Place of publication, distribution, etc Boston :
Name of publisher, distributor, etc Houghton Mifflin Co.,
Date of publication, distribution, etc c1999.
300 ## - PHYSICAL DESCRIPTION
Extent xlvii, 1296 p. :
Other physical details col. ill. ;
Dimensions 29 cm.
500 ## - GENERAL NOTE
General note Rev. ed. of 2 separately published works: Financial & managerial accounting : a sole proprietorship approach / Belverd E. Needles, Jr. ... [et al.]. 4th ed. c1996. and Financial & managerial accounting : a corporate approach / Belverd E. Needles, Jr. ... [et al.]. 4th ed. c1996.
504 ## - BIBLIOGRAPHY, ETC. NOTE
Bibliography, etc Includes bibliographical references and indexes.
650 #0 - SUBJECT ADDED ENTRY--TOPICAL TERM
Topical term or geographic name as entry element Accounting.
Topical term or geographic name as entry element Managerial accounting.
Topical term or geographic name as entry element Sole proprietorship
General subdivision Accounting.
700 1# - ADDED ENTRY--PERSONAL NAME
Personal name Needles, Belverd E.
906 ## - LOCAL DATA ELEMENT F, LDF (RLIN)
a 7
b cbc
c orignew
d 2
e opcn
f 19
g y-gencatlg
942 ## - ADDED ENTRY ELEMENTS (KOHA)
Source of classification or shelving scheme Library of Congress Classification
Koha item type Long Loan Books
Holdings
Withdrawn status Lost status Source of classification or shelving scheme Damaged status Not for loan Collection code Home library Current library Shelving location Date acquired Total Checkouts Full call number Barcode Date last seen Price effective from Koha item type
    Library of Congress Classification     Non-fiction Rongo University Library Rongo University Library General Stacks 13/03/2017   HF5635 .N33 1999 201617202 13/03/2017 13/03/2017 Long Loan Books

© 2026 Rongo University
Contact us: librarian | system librarian | Rongo university